The Orissa grama panchayats acts, rules etc. (Record no. 488673)

000 -LEADER
fixed length control field 00293cam a22001097a 4500
008 - FIXED-LENGTH DATA ELEMENTS--GENERAL INFORMATION
fixed length control field 180718b1977 xxu||||| |||| 00| 0 eng d
082 ## - DEWEY DECIMAL CLASSIFICATION NUMBER
Classification number B71103x5414 A
100 ## - MAIN ENTRY--PERSONAL NAME
Personal name Orissa.
245 ## - TITLE STATEMENT
Title The Orissa grama panchayats acts, rules etc.
260 ## - PUBLICATION, DISTRIBUTION, ETC.
Place of publication, distribution, etc. Bhubaneswar
Name of publisher, distributor, etc. The author
Date of publication, distribution, etc. 1977
300 ## - PHYSICAL DESCRIPTION
Extent 188+p.
Holdings
Withdrawn status Lost status Damaged status Not for loan Permanent Location Current Location Date acquired Full call number Barcode Date last seen Price effective from Koha item type
        Indian Institute of Public Administration Indian Institute of Public Administration 2018-08-04 B71103x5414 A GG18291 2018-08-04 2018-08-04 GG

Powered by Koha